000
00301cam a22001217a 4500
008
180718b1990 xxu||||| |||| 00| 0 eng d
082
_a
A99 V815r
100
_a
Vira, Dhrma
245
_a
Reminiscences
_c
by Dharma Vira
260
_a
Delhi
_b
Vikas
_c
1990
300
_a
176p.
650
_a
Vira, Dharma, 1906
999
_c
356020
_d
356020